Quiz sur Bruxelles - Statistiques

Statistiques générales
  • Ce quiz a été pris 127 fois
  • Le résultat moyen est 10 sur 15
Statistiques - réponses
Hint Réponse % Correct
Statue célèbre qui change souvent de vêtements Manneken Pis
95%
Chanteur né en 1985 chantant par exemple "Papaoutai" Stromae
94%
Personnage de fiction accompagné de son chien Milou Tintin
92%
Monument érigé à l'occasion de l'exposition universelle de 1958 Atomium
84%
Prénom du roi actuel résidant au Palais royal Philippe
77%
Pâtisserie légère opposée à celles de Liège Gaufre
76%
Université de la ville existant depuis 1834 ayant son équivalent néérlandais "VUB" ULB
75%
Son équivalent en néerlandais Brussel
73%
Nombre de communes à Bruxelles 19
72%
Peintre que l'on connait notamment par ses chapeaux Magritte
70%
Rue connue pour ses magasins de luxe Avenue Louise
58%
Gare comptant le plus de voyageurs par jour Gare centrale
50%
Elle en est aussi la "capitale" Europe
48%
Stade principal de l'équipe nationale belge se trouvant à Bruxelles Stade Roi Baudouin
40%
Marque de chocolat belge dont l'usine y est située Neuhaus
34%
Aucun quiz correspondant
Distribution des résultats
% des personnes avec chaque résultat
Percentile par nombre de réponses
Votre historique - résultats
Vous n’avez pas pris ce quiz